LEADER 01060nam0-2200325---450- 001 990005719790403321 005 20110922164939.0 035 $a000571979 035 $aFED01000571979 035 $a(Aleph)000571979FED01 035 $a000571979 100 $a19990604d1835----km-y0itay50------ba 101 0 $afre 105 $ay-------001yy 200 1 $aHistoire des Gaulois$edepuis les temps les plus reculés jusqu'à l'entière soumission de la Gaule à la domination romaine$fpar M. Amédée Thierry 205 $a2e éd. 210 $aParis$cLibrairie classique et élémentaire de L. Hachette$d1835 215 $a3 v.$d22 cm 610 0 $aGalli$aStoria 676 $a940.12 700 1$aThierry,$bAmédée$0402776 801 0$aIT$bUNINA$gRICA$2UNIMARC 901 $aBK 912 $a990005719790403321 952 $aSG 900/B 34 (1)$bIST. GLOTT. S.I.$fFLFBC 952 $aSG 900/B 34 (2)$bIST. GLOTT. S.I.$fFLFBC 952 $aSG 900/B 34 (3)$bIST. GLOTT. S.I.$fFLFBC 959 $aFLFBC 996 $aHistoire des Gaulois$9573071 997 $aUNINA LEADER 00844nam0-2200313---450- 001 990008867640403321 005 20100113094906.0 020 $aIT$b697501 035 $a000886764 035 $aFED01000886764 035 $a(Aleph)000886764FED01 035 $a000886764 100 $a20090622d1969----km-y0itay50------ba 101 0 $aita 102 $aIT 105 $aa-------001gy 200 1 $aFrammenti di un ordine$fUgo Fasolo$gintroduzione di Mario Pomilio 210 $aMilano$cRusconi$d1969 215 $a112 p.$cill.$d23 cm 225 1 $aCollana di poesia$v3 676 $a851.91$v17$zita 700 1$aFasolo,$bUgo$037475 801 0$aIT$bUNINA$gRICA$2UNIMARC 901 $aBK 912 $a990008867640403321 952 $aBIB. BAT. 7267$b15447$fBAT 959 $aBAT 996 $aFrammenti di un ordine$9131289 997 $aUNINA LEADER 01373cam0-22004931i-450 001 990003778880403321 005 20200113132020.0 035 $a000377888 035 $aFED01000377888 035 $a(Aleph)000377888FED01 035 $a000377888 100 $a20030910d1989----km-y0itay50------ba 101 0 $aita 102 $aIT 105 $ay-------001cy 200 1 $a<>indagine campionaria$emetodi, disegni e tecniche di campionamento$fLuigi Fabbris 210 $aRoma$cNIS$d1989 215 $a261 p.$ctab., fig.$d24 cm 225 1 $aBiblioteca di statistica$v5 300 $aContiene bibl. (pp. 239-247) e indice analitico. 610 0 $aStatistica$aCampionamento 676 $a519.52 676 $a11220 700 1$aFabbris,$bLuigi$f<1947- >$0425954 801 0$aIT$bUNINA$gRICA$2UNIMARC 901 $aBK 912 $a990003778880403321 952 $aIG 15 D 36$b387$fDMIGI 952 $a519.52 FAB 1 BIS$b1029$fBFS 952 $aA / FAB 3$b2097$fBFS 952 $aXV-B-12$b1041$fMAS 952 $a4-1-371-TI$b2511 DEA$fECA 952 $a11220 FAB$b8371$fSES 952 $aVI E 344 (5)$b11358$fFSPBC 952 $aA3/132$b1818$fDINTR 959 $aBFS 959 $aDMIGI 959 $aMAS 959 $aSES 959 $aECA 959 $aFSPBC 959 $aDINTR 996 $aIndagine campionaria$9509782 997 $aUNINA